都道府県海岸線ドボンクイズ - Statistics

General Stats
  • This quiz has been taken 179 times
  • The average score is 7 of 25
Answers on the Grid
Answers color-coded by a green-red scale on the quiz's grid according to % correct below.
北海道
青森県
岩手県
宮城県
秋田県
山形県
福島県
茨城県
栃木県
群馬県
埼玉県
千葉県
東京都
神奈川県
新潟県
富山県
石川県
福井県
山梨県
長野県
岐阜県
静岡県
愛知県
三重県
滋賀県
京都府
大阪府
兵庫県
奈良県
和歌山県
鳥取県
島根県
岡山県
広島県
山口県
徳島県
香川県
愛媛県
高知県
福岡県
佐賀県
長崎県
熊本県
大分県
宮崎県
鹿児島県
沖縄県
 
Answer Stats
Answer % Correct
4,456km 北海道
98%
711km 岩手県
71%
797km 青森県
68%
4,190km 長崎県
51%
2,664km 鹿児島県
50%
2,035km 沖縄県
50%
828km 宮城県
47%
635km 新潟県
34%
763km 東京都
27%
1,580km 山口県
22%
1,085km 熊本県
21%
1,146km 三重県
20%
652km 和歌山県
19%
1,712km 愛媛県
19%
718km 高知県
19%
534km 千葉県
17%
852km 兵庫県
16%
1,133km 広島県
15%
584km 石川県
13%
693km 福岡県
11%
1,027km 島根県
10%
773km 大分県
10%
666km 愛知県
9%
581km 岡山県
7%
723km 香川県
4%
No matching quizzes found
Score Distribution
Percent of People with Each Score
Percentile by Number Answered
Your Score History
You have not taken this quiz